| 000 | 00442pab a2200169 454500 | ||
|---|---|---|---|
| 008 | 180718b2008 xxu||||| |||| 00| 0 eng d | ||
| 100 | _aRichard, Clemence | ||
| 245 | _aA legal disgrace? The retention of deported migrants in contemporary France | ||
| 260 | _c2008 | ||
| 300 | _ap.581-603. | ||
| 362 | _aDec | ||
| 650 | _aMigrants | ||
| 700 | _aFischer, Nicolas | ||
| 773 | _aSocial Science Information | ||
| 908 | _aN | ||
| 909 | _a80603 | ||
| 999 |
_c80603 _d80603 |
||